An address in Latin : by Joseph Willard, S.T.D. L.L.D. president; and a discourse in English, by David Tappan, S.T.D. Hollis Professor of Divinity; delivered before the University in Cambridge, Feb. 21, 1800. In solemn commemoration of General George Washington.

Bibliographic Details
Main Authors: Willard, Joseph, 1738-1804, Tappan, David, 1752-1803 (Author)
Corporate Author: Harvard University (Author)
Format: eBook
Language:English
Published: [Charlestown, Mass.] : E. typis Samuel Etheridge, M,DCCC. [1800]
Series:Eighteenth century collections online.
Online Access:Full text online

MARC

Tag First Indicator Second Indicator Subfields
LEADER 00000cam a2200000 4500
001 in00001859613
006 m | d |
007 cr |n||||||||n
008 830805s1800 xxu|||| s 00| | eng d
005 20260403180446.1
035 |a (CStRLIN)ESTCW36757 
040 |a MWA  |c MWA  |d Cu-RivES  |d CStRLIN  |d Thomson Gale  |d UtOrBLW 
100 1 |a Willard, Joseph,  |d 1738-1804. 
245 1 3 |a An address in Latin :  |b by Joseph Willard, S.T.D. L.L.D. president; and a discourse in English, by David Tappan, S.T.D. Hollis Professor of Divinity; delivered before the University in Cambridge, Feb. 21, 1800. In solemn commemoration of General George Washington. 
264 1 |a [Charlestown, Mass.] :  |b E. typis Samuel Etheridge,  |c M,DCCC. [1800] 
300 |a iv, 1 unnumbered page, 6-44 pages ;  |c 8⁰. 
336 |a text  |b txt  |2 rdacontent 
337 |a computer  |b c  |2 rdamedia 
338 |a online resource  |b cr  |2 rdacarrier 
500 |a Samuel Etheridge printed in Charlestown in 1800. 
500 |a Printer's monogram device on title page. 
500 |a "Errata."--page 44. 
500 |a Reproduction of original from the British Library. 
510 4 |a Evans,  |c 39100 
510 4 |a Stillwell, M. Washington eulogies,  |c 261 
510 4 |a English Short Title Catalog,  |c ESTCW36757. 
533 |a Electronic reproduction.  |b Farmington Hills, Mich. :  |c Thomson Gale,  |d 2003.  |n Available via the World Wide Web.  |n Access limited by licensing agreements  |7 s2003 miunns 
500 |a Electronic resource. 
700 1 |a Tappan, David,  |d 1752-1803,  |e author. 
710 2 |a Harvard University,  |e author. 
830 0 |a Eighteenth century collections online. 
856 4 0 |u http://proxy.library.tamu.edu/login?url=https://galenet.galegroup.com/servlet/ECCO?c=1&stp=Author&ste=11&af=BN&ae=W036757&tiPG=1&dd=0&dc=flc&docNum=CW100635250&vrsn=1.0&srchtp=a&d4=0.33&n=10&SU=0LRH&locID=txshracd2898  |z Full text online  |t 0 
999 |a MARS 
999 f f |s 94f67dad-df8a-3eb8-b75a-8e0861762981  |i c4cbf4b3-bd3a-3dbb-9178-88065964c51d  |t 0 
952 f f |a Texas A&M University  |b College Station  |c Electronic Resources  |s www_evans  |d Available Online  |t 0  |h No information provided 
998 f f |t 0  |l Available Online